Detalles MARC
| 000 -LIDER |
| fixed length control field |
01794nam a2200337 a 4500 |
| 001 - NÚMERO DE CONTROL |
| Identificador de número de control |
000030516 |
| 003 - IDENTIFICACDOR DE NÚMERO DE CONTROL |
| control field |
DO-SdBNP |
| 005 - DATE AND TIME OF LATEST TRANSACTION |
| control field |
20220406092616.0 |
| 007 - CAMPOS FIJOS DE DESCRIPCIÓN FÍSICA |
| fixed length control field |
000030516 |
| 008 - ELEMENTOS DE LONGITUD FIJA |
| fixed length control field |
090701s 2011 dr 001 0 spa d |
| 020 ## - ISBN |
| International Standard Book Number |
9789945160486 |
| 040 ## - FUENTE DE CATALOGACIÓN |
| Agencia que crea de manera original el registro |
BPMSU |
| Idioma de catalogación |
spa |
| Agencia que realiza la transcripción |
BPMSU |
| 082 #4 - NÚMERO DE CLASIFICACIÓN DECIMAL DE DEWEY |
| Classification number |
460.7 |
| Item number |
A475m, 2011 |
| Edition number |
22 |
| 100 1# - ASIENTO PRINCIPAL -- NOMBRE PERSONAL |
| Nombre personal |
Alvino Romero, Sonia, |
| Fechas asociadas con el nombre |
1953- |
| 245 10 - MENCIÓN DE TITULO |
| Título |
Manual práctico de redacción general / |
| Mención de responsabilidad |
Sonia Alvino Romero ; prólogo Nan Chevalier. |
| 250 ## - MENCIÓN DE EDICION |
| Mención de edición |
5ª ed. corr. |
| 260 ## - PUBLICACIÓN, DISTRIBUCIÓN, ETC. (PIE DE IMPRENTA) |
| Lugar de publicación, distribución, etc |
Santo Domingo : |
| Nombre del editor, distribuidor, etc. |
Búho, |
| Fecha de publicación, distribución, etc |
2011. |
| 300 ## - DESCRIPCIÓN FÍSICA |
| Extensión |
201 p. ; |
| Dimensiones |
28 cm. |
| 500 ## - NOTA GENERAL |
| Nota general |
Incluye datos biográficos de la autora en la contracubierta. |
| 504 ## - NOTA DE BIBLIOGRAFÍA, ETC. |
| Bibliography, etc |
Bibliografía: p. 199-201. |
| 505 0# - NOTA DE CONTENIDO |
| Texto normalizado de contenido |
Prólogo-- |
| Título |
Introducción -- |
| -- |
Primera unidad: |
| -- |
La comunicación: importancia para el ser humano -- |
| -- |
La lectura: |
| -- |
¿Entonces qué es la lectura?-- |
| -- |
Tipos de lectura -- |
| -- |
La expresión común y la expresión literaria -- |
| -- |
Niveles de lengua -- |
| -- |
¿Qué es redactar?-- |
| -- |
El estilo-- |
| -- |
El párrafo-- |
| -- |
El resumen y la síntesis -- |
| -- |
La acentuación -- |
| -- |
Las letras mayúsculas -- |
| -- |
Los signos de puntuación -- |
| -- |
Dudas lingüisticas -- |
| -- |
Segunda unidad: |
| -- |
Distintas formas de expresión -- |
| -- |
Tercera unidad: |
| -- |
Preliminares: la titulación, la bibliografía -- |
| -- |
Redacción de textos discursivos e informativos-- |
| -- |
La redacción periodística -- |
| -- |
La redacción publicitaria -- |
| Información miscelánea |
Apéndices -- |
| -- |
Bibliografía . |
| 590 ## - NOTA LOCAL |
| Enlace |
Inventariado, 2022/VM |
| 650 #4 - ENCABEZAMIENTO DE MATERIA--TEMÁTICO |
| Término temático o nombre geográfico como elemento de entrada |
Español |
| Subdivisión temática general |
Enseñanza |
| 650 #4 - ENCABEZAMIENTO DE MATERIA--TEMÁTICO |
| Término temático o nombre geográfico como elemento de entrada |
Español |
| Subdivisión temática general |
Ejercicios de redacción |
| 650 #4 - ENCABEZAMIENTO DE MATERIA--TEMÁTICO |
| Término temático o nombre geográfico como elemento de entrada |
Español |
| Subdivisión temática general |
Ortografía |
| -- |
Enseñanza |
| 650 #4 - ENCABEZAMIENTO DE MATERIA--TEMÁTICO |
| Término temático o nombre geográfico como elemento de entrada |
Español |
| Subdivisión temática general |
Escritura |
| -- |
Libros de texto |
| 650 #4 - ENCABEZAMIENTO DE MATERIA--TEMÁTICO |
| Término temático o nombre geográfico como elemento de entrada |
Arte de escribir |
| Subdivisión temática general |
Manuales |
| 700 1# - ASIENTO SECUNDARIO -- NOMBRE PERSONAL |
| Nombre personal |
Chevalier, Nan, |
| Mención de responsabilidad |
prólogo |
| 910 ## - VALIDACIÓN |
| Validación |
VMateo V /Validado. Control de calidad EMS |
| 942 ## - ADDED ENTRY ELEMENTS (KOHA) |
| Source of classification or shelving scheme |
Dewey Decimal Classification |
| Koha item type |
Libros |